00258nam a2200085Ia 4500008004100000100002500041245005700066260003500123300001400158180305s9999 xx 000 0 und d aGoldberg, Herbert S. cHerbert S. GoldbergaHippocrates Father of Medicine/ aUSAbFranklin Watts, Incc1963 a107 Pages